Statistics for 都道府県の重心が位置する自治体

Click here to take the quiz!

General Stats

  • This quiz has been taken 120 times
    (114 since last reset)
  • The average score is 20 of 44

Answer Stats

Pref.Answer% Correct
福島県郡山市
78%
静岡県静岡市
76%
富山県富山市
76%
青森県青森市
75%
大阪府大阪市
73%
栃木県宇都宮市
70%
三重県松阪市
69%
秋田県秋田市
67%
山口県山口市
64%
香川県高松市
62%
滋賀県彦根市
61%
群馬県渋川市
60%
愛知県岡崎市
60%
岐阜県郡上市
58%
岩手県盛岡市
58%
和歌山県田辺市
57%
千葉県市原市
53%
長崎県佐世保市
52%
福井県南越前町
51%
神奈川県伊勢原市
47%
茨城県笠間市
47%
山梨県笛吹市
45%
長野県岡谷市
43%
京都府京丹波町
43%
石川県かほく市
40%
福岡県飯塚市
39%
大分県由布市
36%
佐賀県多久市
34%
高知県須崎市
34%
宮城県大和町
30%
熊本県宇城市
30%
宮崎県西都市
28%
岡山県吉備中央町
28%
新潟県見附市
27%
広島県安芸高田市
26%
鳥取県三朝町
22%
山形県西川町
22%
北海道新得町
22%
島根県美郷町
21%
奈良県黒滝村
20%
埼玉県鳩山町
19%
兵庫県市川町
16%
愛媛県内子町
15%
徳島県神山町
12%

Score Distribution

Percentile by Number Answered

Percent of People with Each Score

Your Score History

You have not taken this quiz since the last reset